000 00790cam a2200217 a 4500
005 20260415071308.0
020 _a9788180386930
_cTZS 332,150/=
040 _aMCCL
_beng.
_eAACR 2nd rev. ed.
082 _a347.95402632 MUL
100 1 _aMulla Dinshah Fardunji
245 1 4 _aMulla The Code of Civil Procedure /
_cDinshah Fardunji Mulla.
250 _a18th ed. /
_bB.M. Prasad, Manish Mohan.
260 _aGurgaon :
_bLexis Nexis Butterworths Wadhwa Nagpur,
_cc2011.
300 _acxciv,2865P.:
_c25 cm.
504 _aIncludes bibliographical references and indexes.
505 0 _a1. Sections 1 to 158 -- 2. Orders 1 to 22 -- 3. Orders 23 to 51 schedules & applications.
650 0 _aCivil procedure
_zIndia.
700 1 _aPrasad, Binod Mohan.
700 1 _aMohan, Manish.
942 _cBK
999 _c12628
_d12628